Zavedenie minimálnej dane z príjmov od 1. 1. 2024

Návrh zapracovať do zákona č. 595/2003 Z. z. o dani z príjmov v z. n. p. povinnosť platenia aspoň minimálnej dane nebola úplne nová. Ministerstvo financií sa so zavedením minimálnej dane pre určitú skupinu daňovníkov, ktorí sú právnickými osobami, zaoberalo už od roku 2005. V tom čase však návrh ešt...

Description complète

Enregistré dans:
Détails bibliographiques
Auteur principal: Jurčíková, Božena
Format: Chapitre de livre
Langue:slovaque
Sujets:
Tags: Ajouter un tag
Pas de tags, Soyez le premier à ajouter un tag!

MARC

LEADER 00000naa a2200000 4500
001 0305367
005 20241128155206.0
041 0 |a slo 
044 |a SK 
245 1 0 |a Zavedenie minimálnej dane z príjmov od 1. 1. 2024  |c Božena Jurčíková 
520 |a Návrh zapracovať do zákona č. 595/2003 Z. z. o dani z príjmov v z. n. p. povinnosť platenia aspoň minimálnej dane nebola úplne nová. Ministerstvo financií sa so zavedením minimálnej dane pre určitú skupinu daňovníkov, ktorí sú právnickými osobami, zaoberalo už od roku 2005. V tom čase však návrh ešte nebol jednoznačne schválený, a preto k jeho realizácii nedošlo. K zavedeniu minimálnej dane počnúc rokom 2024. 
610 2 0 |a dane z príjmov 
610 2 0 |a dane minimálne 
610 2 0 |a povinnosť daňová 
610 2 0 |a obdobie zdaňovacie 
610 2 0 |a sadzby daňové 
610 2 0 |a legislatíva 
100 1 |a Jurčíková, Božena